000 01216nam a22003497a 4500
001 0012321
003 KOHA_MİRAKIL
005 20260207001847.0
007 ta
008 100108b1992 tu |||gr||||#||||0|tur |
020 _a9757657581
_c0,01
040 _aTR-BiSEU
_btur
_cTR-BiSEU
_erda
041 0 _atur
044 _ctu
050 _aDS326
_b.A75 1992
100 1 _aArı, Tayyar.
245 1 _aBasra Körfezi'nde güç dengesi, 1978-1991/
_cTayyar Arı ; Tayyar Arı.
264 1 _aBursa :
_bUludağ Üniversitesi
_c1992
300 _a301 sayfa: harita; 20 cm.
336 _ametin
_btxt
_2rdacontent
337 _aaracısız
_bn
_2rdamedia
338 _acilt
_bnc
_2rdacarrier
490 1 _aUludağ Universitesi Güçlendirme Vakfı yayın no ;
_v63.
490 1 _aU.Ü.İ.İ.B.F.
490 1 _aİşletme İktisadi ve Muhasebe Araştırma ve Uygulama Merkezi No ;
_v64.
500 _aKaynakça var.
650 0 _aPersian Gulf Region--Strategic aspects.
_929770
830 1 _aUludağ Universitesi Güçlendirme Vakfı yayın no ;
_v63.
_92505
830 1 _aU.Ü.İ.İ.B.F.
_99333
830 1 _aİşletme İktisadi ve Muhasebe Araştırma ve Uygulama Merkezi No ;
_v64.
_929771
942 _2lcc
_cBK
999 _c12290
_d12290